अम्बेडकर महाकाव्य 2 भाग (Record no. 12950)

MARC details
000 -LEADER
fixed length control field 00539nam a2200157Ia 4500
008 - FIXED-LENGTH DATA ELEMENTS--GENERAL INFORMATION
fixed length control field 230917s9999||||xx |||||||||||||| ||und||
020 ## - ISBN
Price RS4000
040 ## - CATALOGING SOURCE
-- 221021
Original cataloging agency VIVEKANANDA LIBRARY
041 ## - Language
-- English
082 ## - DDC NUMBER
Classification number 891.431741 AK15A
100 ## - MAIN ENTRY--PERSONAL NAME
Personal name अहरवाल, किशोरी लाल
245 #0 - TITLE STATEMENT
Title अम्बेडकर महाकाव्य 2 भाग
260 ## - PUBLICATION, DISTRIBUTION, ETC. (IMPRINT)
Place of publication, distribution, etc नई दिल्ली
Name of publisher, distributor, etc बी आर पब्लिशिंग
Date of publication, distribution, etc 2013
500 ## - GENERAL NOTE
General note 1723 24/12/2014 RK1814 26/12/2014 Dr. Ambedkar Chair
942 ## - ADDED ENTRY ELEMENTS (KOHA)
Koha item type Books
Holdings
Withdrawn status Lost status Damaged status Not for loan Location (home branch) Sublocation or collection (holding branch) Date acquired Koha issues (times borrowed) Koha full call number Accession No. Koha date last seen Koha item type
        VIVEKANANDA LIBRARY VIVEKANANDA LIBRARY 18/02/2015   891.431741 AK15A 308365 17/09/2023 Books
        VIVEKANANDA LIBRARY VIVEKANANDA LIBRARY 18/02/2015   891.431741 AK15A 308366 17/09/2023 Books
© Designed and Maintained by Vivekananda Library, MDU Rohtak